000 00587cam a2200229ua 4500
020 _c8.50
041 _amal
_h
082 _a574.5
_bSAN/PA
100 _aSankaran unni, K .
245 _aParisthithi vijnanathinte moolathathwangal /
_cK Sankaran unni.
_hTextual Documents
250 _a1 /
_b.
260 _aThiruvananthapuram :
_bState Instititute of Languages ,
_c1974.
300 _a232 ; .
365 _a8.50
504 _a
942 _cBK
999 _c6241
_d6241